000 00471nam a2200181Ia 4500
003 GCL
008 140319s9999 xx 000 0 eng d
040 _aGCL /
_cGCL
082 0 4 _aCC
_b709.32
_bS T
100 1 _aSTIERLIN, HENRI
245 1 0 _aTRESORS DE L'ART EN EGYPTE /
_cSTIERLIN, HENRI
260 _a[S.N] :
_bLA BIBLIATHEQUE DE ARTS ،
_c1994
300 _a278 p
650 0 4 _aART - EGYPT
650 0 4 _aANCIENT EGYPTIAN ART
650 0 4 _aARTS
942 _2ddc
_cBK
999 _c10360
_d10360